Statistics for Brazil or Argentina?

Click here to take the quiz!

General Stats

  • This quiz has been taken 28 times
  • The average score is 18 of 20

Answer Stats

QuestionAnswer% Correct
Fought against the United Kingdom over the FalklandsArgentina
100%
Most FIFA World Cup titlesBrazil
100%
More than 60% of the Amazon Rainforest is located in this countryBrazil
100%
The country's largest city (by population) is not the capital cityBrazil
100%
Claims some land in AntarcticaArgentina
96%
One of the most successful soccer players in the world, Lionel Messi, was born inArgentina
96%
This country cut off all diplomatic relations with Venezuela after a refugee crisis and disagreement with the current Venezuelan governmentBrazil
96%
The inflation rate in this country currently surpasses 100%Argentina
92%
Was once a sovereign empireBrazil
92%
Once a year, this country holds a big festival called "Carnaval"Brazil
92%
Highest point on landArgentina
88%
Has a lower average temperature during a yearArgentina
88%
Is home to the largest Arab diaspora in the world (outside MENA)Brazil
88%
Has more Olympic medalsBrazil
85%
Around 60% of the country's population is Italian descendantArgentina
81%
Higher HDIArgentina
81%
Birthplace of TangoArgentina
81%
Is home to the largest Jewish community in Latin AmericaArgentina
69%
Country which Uruguay got its independenceBrazil
69%
Most German descendants in Latin AmericaBrazil
54%

Score Distribution

Percentile by Number Answered

Percent of People with Each Score

Your Score History

You have not taken this quiz